Directorio de hospedaje de bajo costo : 1984 /

Guardado en:
Bibliografiske detaljer
Format: Bog
Sprog:spansk
Udgivet: México : Secretaría de Turismo, 1984, c1984
Tags: Tilføj Tag
Ingen Tags, Vær først til at tagge denne postø!

MARC

LEADER 00000nam^a2200000^a^4500
001 000432127
005 20250526000000.0
009 20260310123008.107
020 |a 968-814-000-7 
037 |a Acervo ITESO - Biblioteca 
041 |a ESP 
091 |a FHM. 05872 
245 0 0 |a Directorio de hospedaje de bajo costo :  |b 1984 / 
264 4 |a México :  |b Secretaría de Turismo,  |c 1984, c1984 
300 |a 288 p. ;  |c 21.5 cm. 
336 |a texto  |b txt  |2 rdacontenido 
337 |a sin mediación  |b n  |2 rdamedio 
338 |a volumen  |b nc  |2 rdasoporte 
649 |a XX 
910 |a Fondo Hugo B. Margáin 
920 |a Impresos - Libros 
930 |a Libros Antiguos y Raros 
905 |a 126 
901 |a 0900111106  |b IT2  |c LRA  |i D104140  |u 20250526 
902 |a https://opac.biblio.iteso.mx/vufind/Record/000432127